00181nam a2200061Ia 4500008004100000100002300041245005500064120527s9999 xx 000 0 und d aOGUNNIYI, N. Tunde aThe learning Era in modern Architecture in Nigeria